[Event "bbbbbbbbbbbbbbbbbbbbbbbbbbbbbbbbbbbbbbbbbbbbb"]
[Site "SchemingMind.com"]
[Date "2019.07.18"]
[Round "-"]
[White "kenneth m day"]
[Black "Steven DuCharme"]
[Result "1-0"]
[WhiteCountry "USA"]
[BlackCountry "USA"]
[WhiteElo "1720"]
[WhiteRD "51"]
[BlackElo "1538"]
[BlackRD "53"]
[GameID "443697"]

1. e4 c5 2. d4 cxd4 3. c3 g6 4. cxd4 Bg7 5. e5 b6 6. Nf3 Bb7 7. Be2 e6 8. O-O Ne7 9. Nc3 O-O 10. Bg5 h6
11. Bxe7 Qxe7 12. Rc1 Nc6 13. Ne4 Nxe5 14. Ned2 Nxf3+ 15. Bxf3 Bxf3 16. Nxf3 Rfc8 17. Re1 d6 18. Re2 a5 19. Rec2 Rxc2 20. Rxc2 Qd7
21. Qd3 Rc8 22. h3 Rxc2 23. Qxc2 b5 24. Kf1 Qa7 25. Qd3 Qb6 26. b3 a4 27. b4 e5 28. dxe5 Bxe5 29. Nxe5 dxe5 30. Qd7 Kg7
31. Qd5 Qd4 32. Qxd4 exd4 33. f4 Kf6 34. Ke2 Ke6 35. Kd3 Kd5 36. g3 h5 37. g4 hxg4 38. hxg4 f5 39. gxf5 gxf5 40. a3
1-0

[Event "bbbbbbbbbbbbbbbbbbbbbbbbbbbbbbbbbbbbbbbbbbbbb"]
[Site "SchemingMind.com"]
[Date "2019.08.03"]
[Round "-"]
[White "kenneth m day"]
[Black "ray winteringham"]
[Result "1-0"]
[WhiteCountry "USA"]
[BlackCountry "ENG"]
[WhiteElo "1720"]
[WhiteRD "51"]
[BlackElo "1488"]
[BlackRD "49"]
[GameID "444329"]

1. e4 e5 2. Nf3 Nc6 3. c3 a6 4. d4 exd4 5. cxd4 d5 6. e5 Be6 7. Nc3 Bb4 8. Bd2 Nge7 9. Bd3 Bg4 10. O-O Nxd4
11. Be2 Ne6 12. h3 Bf5 13. a3 Ba5 14. b4 Bb6 15. Nh4 c6 16. Nxf5 Nxf5 17. Bg4 Ne7 18. Qf3 Qc7 19. Rfe1 Nd4 20. Qd3 O-O
21. Be3 Ne6 22. Rac1 Bxe3 23. fxe3 Qxe5 24. Ne2 f5 25. Bf3 g6 26. Nd4 Ng5 27. Rf1 Qg3 28. Ne2 Nxh3+ 29. Kh1 Qh4 30. gxh3 Qxh3+
31. Kg1 Qh4 32. Rf2 Rad8 33. Rh2 Qf6 34. Kh1 Rf7 35. Rg1 Kg7 36. Nf4 Rh8 37. Nh5+
1-0

[Event "bbbbbbbbbbbbbbbbbbbbbbbbbbbbbbbbbbbbbbbbbbbbb"]
[Site "SchemingMind.com"]
[Date "2019.08.03"]
[Round "-"]
[White "ray winteringham"]
[Black "Steven DuCharme"]
[Result "0-1"]
[WhiteCountry "ENG"]
[BlackCountry "USA"]
[WhiteElo "1488"]
[WhiteRD "49"]
[BlackElo "1538"]
[BlackRD "53"]
[GameID "444330"]

1. e4 c5 2. Nf3 Nc6 3. Bc4 e6 4. b4 Nxb4 5. Bb2 a6 6. O-O b5 7. Be2 Bb7 8. d3 h6 9. a3 Nc6 10. Nbd2 Nf6
11. h3 d6 12. Nh2 Be7 13. f4 Nd4 14. Bxd4 cxd4 15. Ndf3 Qb6 16. Kh1 Bxe4 17. dxe4 Nxe4 18. Qe1 O-O 19. Bxb5 axb5 20. Qxe4 d5
21. Qxd4 Qxd4 22. Nxd4 Rxa3 23. Nxb5 Rxa1 24. Rxa1 Rc8 25. c3 Rc5 26. Nd4 Rxc3 27. Nhf3 Bf6 28. Rd1 Kh7 29. Rb1 Bxd4 30. Nxd4 Rc4
31. Ne2 Re4 32. Re1 d4 33. Kg1 d3 34. Kf2 dxe2 35. Rxe2 Rxf4+ 36. Ke3 g5 37. Kd3 Kg6 38. g3 Rf3+ 39. Re3 Rxe3+ 40. Kxe3 h5
41. Ke4 Kf6 42. g4 h4 43. Ke3 Ke5 44. Kf3 f5 45. gxf5 exf5
0-1

[Event "bbbbbbbbbbbbbbbbbbbbbbbbbbbbbbbbbbbbbbbbbbbbb"]
[Site "SchemingMind.com"]
[Date "2019.08.26"]
[Round "-"]
[White "kenneth m day"]
[Black "Wojtek26"]
[Result "1/2-1/2"]
[WhiteCountry "USA"]
[BlackCountry "POL"]
[WhiteElo "1692"]
[WhiteRD "51"]
[BlackElo "1602"]
[BlackRD "65"]
[GameID "445142"]

1. e4 e5 2. f4 d6 3. Nf3 Nc6 4. Bb5 exf4 5. O-O Bd7 6. d3 a6 7. Bxc6 Bxc6 8. Bxf4 Nf6 9. Nc3 Be7 10. Qd2 O-O
11. Rae1 b5 12. a3 h6 13. Bxh6 gxh6 14. Nd4 Bb7 15. Nf5 Ng4 16. h3 Bg5 17. Qe2 Ne5 18. Qh5 Kh7 19. h4 Rg8 20. hxg5 Qxg5
21. Qxg5 Rxg5 22. Re3 Rag8 23. g3 Nc6 24. Ref3 Ne5 25. Re3 Ng4 26. Ref3 Ne5 27. Re3 Ng4 28. Ref3 Ne5
1/2-1/2

[Event "bbbbbbbbbbbbbbbbbbbbbbbbbbbbbbbbbbbbbbbbbbbbb"]
[Site "SchemingMind.com"]
[Date "2019.08.25"]
[Round "-"]
[White "ray winteringham"]
[Black "Wojtek26"]
[Result "0-1"]
[WhiteCountry "ENG"]
[BlackCountry "POL"]
[WhiteElo "1488"]
[WhiteRD "49"]
[BlackElo "1641"]
[BlackRD "65"]
[GameID "445143"]

1. e4 e5 2. Nf3 Nc6 3. d3 Nf6 4. Bg5 Be7 5. Be2 O-O 6. Nbd2 h6 7. Bh4 d6 8. O-O Bd7 9. a3 a6 10. b4 Nh7
11. Bxe7 Qxe7 12. c4 Ng5 13. Rb1 Nd8 14. Qc2 Nde6 15. Ra1 Nxf3+ 16. Nxf3 Ng5 17. a4 Nxf3+ 18. Bxf3 Qg5 19. Kh1 f5 20. Qc1 fxe4
21. Qxg5 hxg5 22. Bxe4 Bf5 23. Rfe1 Bxe4 24. Rxe4 Kh7 25. Rae1 Rxf2 26. Kg1 Raf8 27. h3 Ra2 28. a5 Rff2 29. Rg4 Kh6 30. Rg3 Rfb2
31. Rf1 Rxb4 32. Rf5 Rb1+ 33. Kh2 Raa1 34. Rgxg5 Rh1+ 35. Kg3 Ra3 36. Rh5+ Kg6 37. Rhg5+ Kh6 38. Rh5+ Kg6 39. Rhg5+ Kh7 40. Rh5+ Kg8
41. Rf3 Rd1 42. Rhf5 Rdxd3 43. Rxd3 Rxd3+ 44. Kf2 Rc3
0-1

[Event "bbbbbbbbbbbbbbbbbbbbbbbbbbbbbbbbbbbbbbbbbbbbb"]
[Site "SchemingMind.com"]
[Date "2019.08.26"]
[Round "-"]
[White "Wojtek26"]
[Black "Steven DuCharme"]
[Result "0-1"]
[WhiteCountry "POL"]
[BlackCountry "USA"]
[WhiteElo "1602"]
[WhiteRD "65"]
[BlackElo "1528"]
[BlackRD "53"]
[GameID "445144"]

1. d4 Nf6 2. c4 e6 3. e3 Bb4+ 4. Bd2 Qe7 5. a3 Bxd2+ 6. Nxd2 b6 7. Ngf3 Bb7 8. Be2 O-O 9. O-O d6 10. b4 Ne4
11. Nxe4 Bxe4 12. Nd2 Bb7 13. Bf3 Bxf3 14. Qxf3 c6 15. b5 Rc8 16. a4 d5 17. cxd5 cxd5 18. Rfc1 Nd7 19. Qg4 Nf6 20. Qe2 Rc7
21. Qd1 Rac8 22. Nf3 g6 23. Ne5 Rxc1 24. Rxc1 Rc7 25. Nc6 Qd7 26. Qf3 Ne4 27. Qe2 a5 28. f3 Nf6 29. Kf2 Kg7 30. Qd2 h6
31. Ne5 Qd8 32. Rxc7 Qxc7 33. Nc6 Ne8 34. e4 Qxh2 35. exd5 exd5 36. Qe3 Qh4+ 37. Ke2 Qg3 38. Qxe8 Qxg2+ 39. Ke3 Qg1+ 40. Kf4 Qg5#
0-1

[Event "bbbbbbbbbbbbbbbbbbbbbbbbbbbbbbbbbbbbbbbbbbbbb"]
[Site "SchemingMind.com"]
[Date "2019.08.27"]
[Round "-"]
[White "Steven DuCharme"]
[Black "Aba"]
[Result "0-1"]
[WhiteCountry "USA"]
[BlackCountry "ISR"]
[WhiteElo "1538"]
[WhiteRD "53"]
[BlackElo "1722"]
[BlackRD "83"]
[GameID "445155"]

1. e4 e5 2. f4 exf4 3. Bc4 Qh4+ 4. Kf1 Nc6 5. d4 g5 6. c3 d6 7. Nf3 Qh5 8. Be2 g4 9. Ng1 Bh6 10. h3 Nf6
11. Nd2 Rg8 12. e5 dxe5 13. dxe5 Nxe5 14. Qb3 gxh3 15. Bxh5 hxg2+ 16. Ke1 gxh1=Q 17. Bxf7+ Nxf7 18. Qxf7+ Kxf7 19. Kf1 Qxg1+ 20. Ke2 Bg4+
21. Nf3 Rge8+ 22. Be3 Qxe3+ 23. Kf1 Bh3#
0-1

[Event "bbbbbbbbbbbbbbbbbbbbbbbbbbbbbbbbbbbbbbbbbbbbb"]
[Site "SchemingMind.com"]
[Date "2019.08.26"]
[Round "-"]
[White "Wojtek26"]
[Black "Aba"]
[Result "1-0"]
[WhiteCountry "POL"]
[BlackCountry "ISR"]
[WhiteElo "1641"]
[WhiteRD "65"]
[BlackElo "1722"]
[BlackRD "83"]
[GameID "445156"]

1. d4 Nf6 2. e3 d5 3. c4 dxc4 4. Bxc4 e6 5. Nf3 a6 6. O-O c5 7. Nc3 b5 8. Be2 Bd7 9. a3 Bd6 10. Qc2 Nc6
11. Rd1 Qc7 12. h3 h6 13. Rb1 g5 14. Bd3 O-O-O 15. Bxb5 axb5 16. Nxb5 Qb8 17. Nxd6+ Qxd6 18. dxc5 Qc7 19. b4 e5 20. b5 Ne7
21. e4 Be6 22. Be3 Qa7 23. a4 Rxd1+ 24. Rxd1 Rd8 25. Rxd8+ Kxd8 26. Nxe5 Qa8 27. c6 Ne8 28. Qd3+ Kc8 29. Bb6 Nc7 30. Qd6 Qb8
31. Nxf7 Nxc6 32. bxc6
1-0

[Event "bbbbbbbbbbbbbbbbbbbbbbbbbbbbbbbbbbbbbbbbbbbbb"]
[Site "SchemingMind.com"]
[Date "2019.08.26"]
[Round "-"]
[White "Aba"]
[Black "kenneth m day"]
[Result "1-0"]
[WhiteCountry "ISR"]
[BlackCountry "USA"]
[WhiteElo "1744"]
[WhiteRD "78"]
[BlackElo "1692"]
[BlackRD "51"]
[GameID "445157"]

1. e4 e5 2. Nf3 Nc6 3. Bb5 a6 4. Ba4 Nf6 5. O-O Be7 6. Re1 b5 7. Bb3 O-O 8. c3 Bb7 9. d4 exd4 10. cxd4 Na5
11. d5 Re8 12. a3 d6 13. Nc3 c6 14. Ba2 cxd5 15. exd5 Qd7 16. Be3 Nc4 17. b4 Nxe3 18. Rxe3 Bf8 19. h3 Qf5 20. Qd2 g6
21. Rae1 Rxe3 22. fxe3 Bg7 23. e4 Qd7 24. e5 dxe5 25. Nxe5 Qd6 26. Re2 Re8 27. Qf4 Nh5 28. Qxf7+ Kh8 29. Qxe8+ Bf8 30. Nf7+
1-0

[Event "bbbbbbbbbbbbbbbbbbbbbbbbbbbbbbbbbbbbbbbbbbbbb"]
[Site "SchemingMind.com"]
[Date "2019.08.26"]
[Round "-"]
[White "Aba"]
[Black "ray winteringham"]
[Result "1-0"]
[WhiteCountry "ISR"]
[BlackCountry "ENG"]
[WhiteElo "1722"]
[WhiteRD "83"]
[BlackElo "1488"]
[BlackRD "49"]
[GameID "445158"]

1. e4 e5 2. Nf3 d6 3. d4 exd4 4. Nxd4 Be7 5. Bc4 Bf6 6. c3 Ne7 7. Be3 O-O 8. Nd2 Bd7 9. N2f3 h6 10. Qc2 c5
11. Nf5 Bxf5 12. exf5 Nbc6 13. g4 d5 14. Bb5 a6 15. Bxc6 Nxc6 16. O-O-O b6 17. h4 Ne5 18. Nxe5 Bxe5 19. f4 Bc7 20. g5 h5
21. Qg2 Qb8 22. Qf3 g6 23. Rxd5 Re8 24. Rf1 Re4 25. Qxe4
1-0

[Event "bbbbbbbbbbbbbbbbbbbbbbbbbbbbbbbbbbbbbbbbbbbbb"]
[Site "SchemingMind.com"]
[Date "2019.09.04"]
[Round "-"]
[White "Steven DuCharme"]
[Black "Thegreatvoid"]
[Result "1-0"]
[WhiteCountry "USA"]
[BlackCountry "USA"]
[WhiteElo "1538"]
[WhiteRD "53"]
[BlackElo "1501"]
[BlackRD "89"]
[GameID "445486"]

1. c4 Nf6 2. g3 g6 3. Bg2 Bg7 4. Nf3 d5 5. O-O O-O 6. d3 b6 7. Nc3 Bb7 8. cxd5 Nxd5 9. Nxd5 Bxd5 10. e4 Bb7
11. Qc2 Nc6 12. Rd1 a5 13. a3 Nd4 14. Nxd4 Bxd4 15. Be3 Bxe3 16. fxe3 Qd6 17. d4 e6 18. e5
1-0

[Event "bbbbbbbbbbbbbbbbbbbbbbbbbbbbbbbbbbbbbbbbbbbbb"]
[Site "SchemingMind.com"]
[Date "2019.09.04"]
[Round "-"]
[White "Thegreatvoid"]
[Black "Aba"]
[Result "0-1"]
[WhiteCountry "USA"]
[BlackCountry "ISR"]
[WhiteElo "1501"]
[WhiteRD "89"]
[BlackElo "1722"]
[BlackRD "83"]
[GameID "445487"]

1. c4 e5 2. Nc3 Nf6 3. g3 d5 4. cxd5 Nxd5 5. Bg2 Be6 6. Nf3 Nc6 7. O-O h6 8. d4 Nxc3 9. bxc3 exd4 10. Nxd4 Nxd4
11. Qxd4 c6 12. Qe5 Qd7 13. Bb2 f6 14. Qa5 b6 15. Qa6 Bc5 16. Rad1 Qf7 17. Bxc6+ Kf8 18. Bxa8 g5 19. Rd8+ Kg7 20. Rxh8 Kxh8
21. Qb7 Qg6 22. Qe7 Bxe7
0-1

[Event "bbbbbbbbbbbbbbbbbbbbbbbbbbbbbbbbbbbbbbbbbbbbb"]
[Site "SchemingMind.com"]
[Date "2019.09.04"]
[Round "-"]
[White "kenneth m day"]
[Black "Thegreatvoid"]
[Result "1/2-1/2"]
[WhiteCountry "USA"]
[BlackCountry "USA"]
[WhiteElo "1689"]
[WhiteRD "51"]
[BlackElo "1641"]
[BlackRD "74"]
[GameID "445488"]

1. e4 d6 2. d4 Nf6 3. Nc3 g6 4. Nf3 Bg7 5. Be2 c6 6. h3 O-O 7. Be3 Nbd7 8. Qd2 b5 9. a3 a5 10. O-O Qc7
11. Rfe1 Bb7 12. Bd3 e5 13. dxe5 dxe5 14. Rad1 b4 15. axb4 axb4 16. Ne2 Rfd8 17. Qxb4 Bf8 18. Qd2 Nc5 19. Nc3 Nxd3 20. cxd3 Ba6
21. Bg5 Rxd3 22. Qc2 Rxd1 23. Rxd1 Bg7 24. Na4 Nd7 25. Nc3 Nc5 26. Be3 Ne6 27. Rd2 Rd8 28. Rxd8+ Qxd8=
1/2-1/2

[Event "bbbbbbbbbbbbbbbbbbbbbbbbbbbbbbbbbbbbbbbbbbbbb"]
[Site "SchemingMind.com"]
[Date "2019.09.04"]
[Round "-"]
[White "ray winteringham"]
[Black "Thegreatvoid"]
[Result "1-0"]
[WhiteCountry "ENG"]
[BlackCountry "USA"]
[WhiteElo "1488"]
[WhiteRD "49"]
[BlackElo "1501"]
[BlackRD "89"]
[GameID "445489"]

1. e4 d6 2. d4 Nf6 3. Bd3 e5 4. d5 Be7 5. Be3 c6 6. c4 cxd5 7. cxd5 Ng4 8. Qd2 Nxe3 9. Qxe3 O-O 10. Nf3 Nd7
11. O-O Nb6 12. b3 Bg4 13. Nbd2 Rc8 14. Rac1 f5 15. g3 fxe4 16. Qxe4 Bf5 17. Qe2 Bxd3 18. Qxd3 Bg5 19. Rxc8 Nxc8 20. Ne4 Bh6
21. Rb1 Qd7 22. a4 Qf7 23. Kg2 Qg6 24. Qe2 Rf4 25. Rc1 Ne7 26. Rc7 Rxe4 27. Qd3 Kf8 28. Rxb7 Rf4 29. Qxg6
1-0

[Event "bbbbbbbbbbbbbbbbbbbbbbbbbbbbbbbbbbbbbbbbbbbbb"]
[Site "SchemingMind.com"]
[Date "2019.09.04"]
[Round "-"]
[White "Wojtek26"]
[Black "Thegreatvoid"]
[Result "0-1"]
[WhiteCountry "POL"]
[BlackCountry "USA"]
[WhiteElo "1602"]
[WhiteRD "65"]
[BlackElo "1630"]
[BlackRD "70"]
[GameID "445490"]

1. d4 Nf6 2. e3 g6 3. c4 d5 4. Nf3 Bg7 5. Be2 Nc6 6. O-O O-O 7. h3 b6 8. Nc3 Bb7 9. a3 dxc4 10. Bxc4 Re8
11. b4 e6 12. Bb5 a6 13. Be2 Ne7 14. Ne5 Nfd5 15. Qb3 Bxe5 16. dxe5 Nxc3 17. Qxc3 Nd5 18. Qb3 Qh4 19. Bf3 Rac8 20. Rd1 c5
21. Bb2 c4 22. Qc2 Qg5 23. Kf1 Rc7 24. Rac1 c3 25. Ba1 Qxe5 26. Rd4 Bc6 27. Re4 Qh2 28. a4 Rd8 29. Ke2 Nf4+ 30. Rxf4 Rd2+
31. Qxd2 cxd2 32. Rxc6 Rxc6 33. Bxc6 Qg1 34. Rd4 Qe1+
0-1

[Event "bbbbbbbbbbbbbbbbbbbbbbbbbbbbbbbbbbbbbbbbbbbbb"]
[Site "SchemingMind.com"]
[Date "2019.09.11"]
[Round "-"]
[White "Kenny Elliott"]
[Black "Steven DuCharme"]
[Result "1-0"]
[WhiteCountry "USA"]
[BlackCountry "USA"]
[WhiteElo "1656"]
[WhiteRD "65"]
[BlackElo "1528"]
[BlackRD "53"]
[GameID "445751"]

1. d4 Nf6 2. c4 e6 3. Nf3 Bb4+ 4. Bd2 Qe7 5. a3 Bxd2+ 6. Nbxd2 d5 7. cxd5 exd5 8. Qb3 O-O 9. e3 b6 10. Bd3 Bb7
11. O-O Nbd7 12. Rfe1 c5 13. Bf5 c4 14. Qc3 a5 15. Bxd7 Nxd7 16. b3 b5 17. bxc4 bxc4 18. Rab1 Rfb8 19. Rb2 Bc6 20. Rxb8+ Nxb8
21. Ne5 Be8 22. Nef3 Nc6 23. e4 Qd6 24. exd5 Qxd5 25. Nxc4 Qb5 26. Nd6
1-0

[Event "bbbbbbbbbbbbbbbbbbbbbbbbbbbbbbbbbbbbbbbbbbbbb"]
[Site "SchemingMind.com"]
[Date "2019.09.11"]
[Round "-"]
[White "Aba"]
[Black "Kenny Elliott"]
[Result "1-0"]
[WhiteCountry "ISR"]
[BlackCountry "USA"]
[WhiteElo "1722"]
[WhiteRD "83"]
[BlackElo "1597"]
[BlackRD "67"]
[GameID "445752"]

1. e4 c5 2. d4 cxd4 3. Nf3 Nc6 4. Nxd4 Nf6 5. Nc3 e5 6. Ndb5 a6 7. Na3 Bxa3 8. bxa3 O-O 9. Bg5 h6 10. Bh4 g5
11. Bg3 Nh5 12. Qxh5 Qa5 13. Kd2 b5 14. Qxh6 b4 15. Qxg5+ Kh8 16. axb4 Qxb4 17. Bxe5+ Nxe5 18. Qxe5+ Kg8 19. Rb1 Qa5 20. Qxa5
1-0

[Event "bbbbbbbbbbbbbbbbbbbbbbbbbbbbbbbbbbbbbbbbbbbbb"]
[Site "SchemingMind.com"]
[Date "2019.09.11"]
[Round "-"]
[White "Kenny Elliott"]
[Black "kenneth m day"]
[Result "1-0"]
[WhiteCountry "USA"]
[BlackCountry "USA"]
[WhiteElo "1656"]
[WhiteRD "65"]
[BlackElo "1692"]
[BlackRD "51"]
[GameID "445753"]

1. d4 Nf6 2. c4 e5 3. dxe5 Ng4 4. Nf3 Nc6 5. h3 Ngxe5 6. Nxe5 Nxe5 7. Nc3 Bb4 8. Bd2 d6 9. a3 Bc5 10. e3 O-O
11. Be2 Be6 12. O-O Qh4 13. f3 f5 14. f4 Nxc4 15. Bxc4 Bxc4 16. Be1 Bxe3+ 17. Kh1 Qh6 18. Rf3 Bxf4 19. Qd4 d5 20. Rxf4 g5
21. Rf2 a6 22. Nxd5 Bxd5 23. Qxd5+ Kh8 24. Bc3+
1-0

[Event "bbbbbbbbbbbbbbbbbbbbbbbbbbbbbbbbbbbbbbbbbbbbb"]
[Site "SchemingMind.com"]
[Date "2019.09.11"]
[Round "-"]
[White "Kenny Elliott"]
[Black "ray winteringham"]
[Result "1-0"]
[WhiteCountry "USA"]
[BlackCountry "ENG"]
[WhiteElo "1597"]
[WhiteRD "67"]
[BlackElo "1488"]
[BlackRD "49"]
[GameID "445754"]

1. d4 d5 2. Nf3 Nf6 3. c4 c6 4. e3 Bg4 5. Be2 e6 6. O-O Qc7 7. c5 Be7 8. Nc3 Nbd7 9. h3 Bh5 10. Ne5 Bxe2
11. Qxe2 Nxe5 12. dxe5 Qxe5 13. Qc2 Bxc5 14. b3 Qd6 15. Bb2 Bb6 16. Rad1 Bc7 17. g3 Nh5 18. Ne2 O-O-O 19. Nd4 Nxg3 20. fxg3 Qxg3+
21. Qg2 Qxe3+ 22. Kh1 Qh6 23. Nf3 f6 24. Bc1 Qh5 25. Nd4 Qf7 26. Rde1 e5 27. Nf3 Kb8 28. Nxe5 Bxe5 29. Rxe5 Qc7 30. Ref5 Rde8
31. Bf4
1-0

[Event "bbbbbbbbbbbbbbbbbbbbbbbbbbbbbbbbbbbbbbbbbbbbb"]
[Site "SchemingMind.com"]
[Date "2019.09.11"]
[Round "-"]
[White "Kenny Elliott"]
[Black "Wojtek26"]
[Result "1-0"]
[WhiteCountry "USA"]
[BlackCountry "POL"]
[WhiteElo "1656"]
[WhiteRD "65"]
[BlackElo "1602"]
[BlackRD "65"]
[GameID "445755"]

1. d4 d5 2. c4 e6 3. Nf3 Nf6 4. Bg5 dxc4 5. Qa4+ Bd7 6. Qxc4 Nc6 7. e4 h6 8. Bh4 g5 9. Bg3 b5 10. Qd3 a6
11. Be2 Bg7 12. O-O O-O 13. e5 Nd5 14. Qe4 Rb8 15. Nc3 Nce7 16. Bd3 Ng6 17. Bh4 Nxc3 18. bxc3 f5 19. exf6 Bxf6 20. Qxg6+ Bg7
21. Bxg5 hxg5 22. Nxg5
1-0

[Event "bbbbbbbbbbbbbbbbbbbbbbbbbbbbbbbbbbbbbbbbbbbbb"]
[Site "SchemingMind.com"]
[Date "2019.09.12"]
[Round "-"]
[White "Thegreatvoid"]
[Black "Kenny Elliott"]
[Result "1-0"]
[WhiteCountry "USA"]
[BlackCountry "USA"]
[WhiteElo "1501"]
[WhiteRD "89"]
[BlackElo "1597"]
[BlackRD "67"]
[GameID "445756"]

1. c4 g6 2. Nc3 Bg7 3. g3 Bxc3 4. bxc3 Nf6 5. Bg2 O-O 6. Nf3 c5 7. O-O d5 8. cxd5 Nxd5 9. Bb2 Nc6 10. d4 cxd4
11. cxd4 Be6 12. e4 Nb6 13. d5 Nxd5 14. exd5 Bxd5 15. Qc1 e6 16. Qc3 f6 17. Rad1 Rc8 18. Ng5 Qe7 19. Bxd5 fxg5 20. Bxe6+ Rf7
21. Qh8#
1-0

[Event "bbbbbbbbbbbbbbbbbbbbbbbbbbbbbbbbbbbbbbbbbbbbb"]
[Site "SchemingMind.com"]
[Date "2019.09.18"]
[Round "-"]
[White "Aba"]
[Black "maja#"]
[Result "1-0"]
[WhiteCountry "ISR"]
[BlackCountry "POL"]
[WhiteElo "1744"]
[WhiteRD "78"]
[BlackElo "1194"]
[BlackRD "132"]
[GameID "446075"]

1. e4 e5 2. Nf3 Bc5 3. Nc3 Ne7 4. Bc4 h5 5. d3 d6 6. Bg5 d5 7. exd5 Bd7 8. Nxe5 b5 9. Bb3 f6 10. Nxd7 Qxd7
11. Bf4 a5 12. a3 Qg4 13. Qxg4
1-0

[Event "bbbbbbbbbbbbbbbbbbbbbbbbbbbbbbbbbbbbbbbbbbbbb"]
[Site "SchemingMind.com"]
[Date "2019.09.18"]
[Round "-"]
[White "maja#"]
[Black "ray winteringham"]
[Result "0-1"]
[WhiteCountry "POL"]
[BlackCountry "ENG"]
[WhiteElo "1194"]
[WhiteRD "132"]
[BlackElo "1479"]
[BlackRD "49"]
[GameID "446077"]

1. e4 e5 2. d3 Bc5 3. h4 Qf6 4. Be3 Bxe3 5. fxe3 d6 6. Na3 Nh6 7. Nc4 Qe6 8. Nf3 f6 9. g4 Qxg4 10. Rh2 Qxf3
0-1

[Event "bbbbbbbbbbbbbbbbbbbbbbbbbbbbbbbbbbbbbbbbbbbbb"]
[Site "SchemingMind.com"]
[Date "2019.09.18"]
[Round "-"]
[White "maja#"]
[Black "Wojtek26"]
[Result "0-1"]
[WhiteCountry "POL"]
[BlackCountry "POL"]
[WhiteElo "1194"]
[WhiteRD "132"]
[BlackElo "1602"]
[BlackRD "65"]
[GameID "446078"]

1. e4 e5 2. d3 Nf6 3. c4 Bc5 4. Nc3 O-O 5. Nb5 a6 6. f3 d6 7. g3 axb5 8. Bh3 Bxg1 9. Rxg1 bxc4 10. Bf5 cxd3
11. Bg5 Bxf5
0-1

[Event "bbbbbbbbbbbbbbbbbbbbbbbbbbbbbbbbbbbbbbbbbbbbb"]
[Site "SchemingMind.com"]
[Date "2019.09.18"]
[Round "-"]
[White "Thegreatvoid"]
[Black "maja#"]
[Result "1-0"]
[WhiteCountry "USA"]
[BlackCountry "POL"]
[WhiteElo "1630"]
[WhiteRD "70"]
[BlackElo "1194"]
[BlackRD "132"]
[GameID "446079"]

1. c4 e5 2. Nc3 Bc5 3. Nf3 Bb6 4. g3 c6 5. Bg2 Bc5 6. O-O d6 7. e3 a5 8. d4 Bg4 9. dxc5 dxc5 10. Qxd8+ Kxd8
11. Nxe5
1-0

[Event "bbbbbbbbbbbbbbbbbbbbbbbbbbbbbbbbbbbbbbbbbbbbb"]
[Site "SchemingMind.com"]
[Date "2019.09.19"]
[Round "-"]
[White "Steven DuCharme"]
[Black "maja#"]
[Result "1-0"]
[WhiteCountry "USA"]
[BlackCountry "POL"]
[WhiteElo "1528"]
[WhiteRD "53"]
[BlackElo "1194"]
[BlackRD "132"]
[GameID "446080"]

1. c4 e5 2. Nc3 f5 3. g3 Bb4 4. Nd5 c5 5. Nxb4 g5 6. Nd5 d6 7. Bg2 Nc6 8. d3 a5 9. Bxg5 Qxg5 10. Nc7+ Kf7
11. Nxa8
1-0

[Event "bbbbbbbbbbbbbbbbbbbbbbbbbbbbbbbbbbbbbbbbbbbbb"]
[Site "SchemingMind.com"]
[Date "2019.09.18"]
[Round "-"]
[White "maja#"]
[Black "Kenny Elliott"]
[Result "0-1"]
[WhiteCountry "POL"]
[BlackCountry "USA"]
[WhiteElo "1194"]
[WhiteRD "132"]
[BlackElo "1656"]
[BlackRD "65"]
[GameID "446081"]

1. e4 c5 2. c4 d6 3. d3 Nc6 4. f4 Nf6 5. Bd2 e5 6. g3 Nd4 7. Ba5 b6 8. Bh3 Bxh3 9. Nxh3 bxa5 10. Qa4+ Nd7
0-1

[Event "bbbbbbbbbbbbbbbbbbbbbbbbbbbbbbbbbbbbbbbbbbbbb"]
[Site "SchemingMind.com"]
[Date "2019.09.22"]
[Round "-"]
[White "Arnold Jones"]
[Black "kenneth m day"]
[Result "0-1"]
[WhiteCountry "ENG"]
[BlackCountry "USA"]
[WhiteElo "1535"]
[WhiteRD "66"]
[BlackElo "1689"]
[BlackRD "51"]
[GameID "446256"]

1. c4 g6 2. d4 Bg7 3. e3 d6 4. Nc3 Nf6 5. Nf3 O-O 6. Bd3 Nbd7 7. Bd2 Re8 8. Qc2 c5 9. O-O-O b6 10. Rhe1 Bb7
11. d5 e6 12. e4 exd5 13. exd5 a6 14. Rxe8+ Nxe8 15. Ne2 Nc7 16. Bc3 Nf6 17. Ng3 b5 18. b3 bxc4 19. Bxc4 Nb5 20. Bb2 Qa5
21. a4 Nc7 22. Bc3 Qb6 23. a5 Qa7 24. Ne4 Nxe4 25. Bxg7 Kxg7 26. Qxe4 Re8 27. Qc2 Qb8 28. Qc3+ Kg8 29. Qf6 Qd8 30. Qc3 Nb5
31. Qa1 Re4 32. Bxb5 axb5 33. a6 Ba8 34. Qb1 Re7 35. Rd2 Qb6 36. Qa2 Ra7 37. Qb2 Qxa6 38. Qb1 Qc8 39. h3 Qd8 40. Re2 Bxd5
41. Ne1 Qf6 42. Nc2 Bxg2 43. Re8+ Kg7 44. Qb2 Qxb2+ 45. Kxb2 Bxh3 46. Ne3 Be6 47. Nc2 h5 48. Na3 b4 49. Nb5 Rd7 50. Ra8 h4
51. Ra1 g5 52. Rh1 h3 53. f3 Kg6 54. Rg1 Kh5 55. Rd1 d5 56. Kc2 f5 57. Re1 Bf7 58. Kd2 g4 59. Rh1 Kh4 60. fxg4 fxg4
61. Ke1 Bg6 62. Kd2 Be4 63. Rf1 h2 64. Rf8 Kg3
0-1

[Event "bbbbbbbbbbbbbbbbbbbbbbbbbbbbbbbbbbbbbbbbbbbbb"]
[Site "SchemingMind.com"]
[Date "2019.09.22"]
[Round "-"]
[White "Steven DuCharme"]
[Black "Arnold Jones"]
[Result "1/2-1/2"]
[WhiteCountry "USA"]
[BlackCountry "ENG"]
[WhiteElo "1528"]
[WhiteRD "53"]
[BlackElo "1457"]
[BlackRD "65"]
[GameID "446257"]

1. e4 e5 2. Nf3 Nc6 3. d4 Bb4+ 4. c3 Bd6 5. dxe5 Nxe5 6. Nxe5 Bxe5 7. f4 Bf6 8. Bd3 Bh4+ 9. g3 Be7 10. O-O d6
11. Be3 Nf6 12. Nd2 Ng4 13. Rf3 Nxe3 14. Rxe3 c6 15. Nf1 Bh3 16. Kh1 Qb6 17. Qd2 O-O 18. b3 d5 19. exd5 Bc5 20. Re5 Bxf1
21. Rxf1 cxd5 22. b4 Bd6 23. Rh5 g6 24. Rh3 d4 25. f5 Qc6+ 26. Kg1 h5 27. fxg6 fxg6 28. g4 Rxf1+ 29. Bxf1 dxc3 30. Qxc3 Qxc3
31. Rxc3 Kg7 32. gxh5 Rh8 33. hxg6 Bxh2+ 34. Kg2 Be5 35. Re3 Bf6 36. Bd3 b6 37. Rh3 Bh4 38. Rf3 Bf6 39. b5=
1/2-1/2

[Event "bbbbbbbbbbbbbbbbbbbbbbbbbbbbbbbbbbbbbbbbbbbbb"]
[Site "SchemingMind.com"]
[Date "2019.09.22"]
[Round "-"]
[White "Arnold Jones"]
[Black "Kenny Elliott"]
[Result "0-1"]
[WhiteCountry "ENG"]
[BlackCountry "USA"]
[WhiteElo "1457"]
[WhiteRD "65"]
[BlackElo "1656"]
[BlackRD "65"]
[GameID "446258"]

1. d4 Nf6 2. c4 g6 3. Nf3 Bg7 4. Nc3 O-O 5. e3 d6 6. b4 Bg4 7. a4 c5 8. Qb3 Bxf3 9. gxf3 cxd4 10. exd4 Nh5
11. Be3 e5 12. O-O-O exd4 13. Bxd4 Bxd4 14. Rxd4 Nc6 15. Rd2 Ne5 16. Ne4 Qe7 17. Be2 Rac8 18. Nxd6 Rc6 19. Ne4 Rfc8 20. Rd4 Nf4
21. Nc3 Nxe2+ 22. Nxe2 Nxc4 23. Kd1 Ne5 24. Qe3 Qe6 25. Rd2 f6 26. Nd4 Rc1+ 27. Ke2 Qc4+ 28. Rd3 Nxd3 29. Qxd3 Qa2+ 30. Qd2 Re8+
31. Kd3 Qa3+
0-1

[Event "bbbbbbbbbbbbbbbbbbbbbbbbbbbbbbbbbbbbbbbbbbbbb"]
[Site "SchemingMind.com"]
[Date "2019.09.22"]
[Round "-"]
[White "Arnold Jones"]
[Black "Aba"]
[Result "0-1"]
[WhiteCountry "ENG"]
[BlackCountry "ISR"]
[WhiteElo "1457"]
[WhiteRD "65"]
[BlackElo "1744"]
[BlackRD "78"]
[GameID "446259"]

1. d4 Nf6 2. c4 g6 3. Nf3 Bg7 4. Nc3 d6 5. e3 O-O 6. Be2 c5 7. d5 Nbd7 8. e4 a6 9. h3 Qa5 10. Bd2 Qb6
11. Na4 Qa7 12. Nc3 Nb6 13. Bd3 e6 14. Na4 Nxa4 15. Qxa4 b5 16. cxb5 axb5 17. Qd1 c4 18. Bc2 exd5 19. O-O dxe4 20. Be3 Qb7
21. Nd4 Nd5 22. Bxe4 f5 23. Bxd5+ Qxd5 24. Qf3 Qxf3 25. Nxf3 Bxb2 26. Rad1 Rd8 27. Nd4 Bxd4 28. Bxd4 Rxa2 29. Bb6 Rd7 30. Rd4 d5
31. Rb1 Ba6 32. f4 c3 33. Rdb4 Rd6 34. Bd4 c2 35. Rc1 Rc6 36. Rb3 Rc4 37. Bb2 d4 38. Kf2 d3 39. Ke3 b4 40. g3 Re4+
41. Kd2 Re2#
0-1